Normal view
MARC view
- केरी (झा), इन्दुल
Entry Personal Name
001 - CONTROL NUMBER
- control field: 37356
003 - CONTROL NUMBER IDENTIFIER
- control field: OSt
005 - DATE AND TIME OF LATEST TRANSACTION
- control field: 20250209123044.0
008 - FIXED-LENGTH DATA ELEMENTS
- fixed length control field: 250209|| aca||aabn | a|a d
040 ## - CATALOGING SOURCE
- Original cataloging agency: OSt
- Transcribing agency: OSt
100 ## - HEADING--PERSONAL NAME
- Personal name: केरी (झा), इन्दुल
670 ## - SOURCE DATA FOUND
- Source citation: Work cat.: (OSt)120122: केरी (झा), इन्दुल, व्यक्तित्व र कृतित्वको तेस्रो आयाम /, २०७५वि.
